Luxury vehicles - Statistics

General Stats
  • This quiz has been taken 81 times
    78 since last reset
  • The average score is 5 of 10
Answer Stats
Price Manufacturer Rating Car % Correct
£363,000 Rolls-Royce 5/5 Phantom
89%
£151,800 Bentley 5/5 Continental GT
77%
£69,910 BMW 4/5 7 Series
65%
£264,000 Rolls-Royce 5/5 Cullinan
55%
£74,540 Mercedes-Benz 5/5 S-Class
52%
£146,700 Bentley 5/5 Bentayga
51%
£75,259 Lexus 5/5 LS
49%
£72,890 Porsche 4/5 Panamera
46%
£70,000 Audi 4/5 A8
42%
£64,625 Jaguar 4/5 I-Pace
12%
No matching quizzes found
Score Distribution
Percent of People with Each Score
Percentile by Number Answered
Your Score History
You have not taken this quiz since the last reset